000 00622nam a2200241Ia 4500
003 OSt
005 20220918163536.0
006 a|||||r|||| 00| 0
007 ta
008 220917b |||||||| |||| 00| 0 eng d
020 _a009928359X
024 _a239,809
037 _cTextual
040 _aARTS
_cARTS
_beng
041 _2eng
_aeng
082 _aO111,3N196,12, P0
100 _aMurdoch Iris
245 0 _aPhilosopher's pupil
260 _aLondon
_bVintage UK
_c2000
650 _aENGLISH LITERATURE
942 _hO111,3N196,12, P0
_cTEXL
_2CC
999 _c119983
_d119983